000 00967nas a2200325 4500
001 BR0202756
003 BR-BrBNA
005 20231205103015.0
007 ta
008 230509b bl.|||p| |||| 00| 00por d
040 _aBR-BrBNA
_bpor
_cBiblioteca Nacional de Agricultura
041 _a(Pt)
072 _aL02
100 1 _aGomes Júnior, P.
100 1 _aPaulino, M.F.
100 1 _aDetmann, E.
100 1 _aValadares Filho, S. de C.
100 1 _aZervoudakis, J.T.
100 1 _aLana, R. de P.
245 1 _aDesempenho de novilhos mestiços na fase de crescimento suplementados durante a época seca
650 _aGADO DE CORTE
650 _aNOVILHO
650 _aSUPLEMENTO ALIMENTAR
650 _aURÉIA
650 _aPASTAGEM
650 _aRECRIA
773 0 _tRevista Brasileira de Zootecnia (Brazil)
_xISSN 1516-3598
_g(Jan-Feb 2002), v. 31(1) p. 139-147
_wBR0202756
909 _a202311
_bLúcia
_c55
_dLúcia Elande
942 _2AGRIS
_n0
_cANA
999 _c170531
_d170531